000 00955nam a2200277 a 4500
001 524
003 BR-CuiBMT
005 20231129060118.0
008 231108b2015 bab 000 0 por d
020 _a8544204341
040 _aBR-CuiBMT
_cBR-CuiBMT
080 _22007
_a343.1
_x(079.1)
090 _a343.1(079.1)
_bC172d
_c2015
100 1 _aCamargo, Eduardo Aidê Bueno de
245 1 0 _aDireito processual penal :
_bem provas discursivas /
_cEduardo Aidê Bueno de Camargo, Roberto Gomes, William Akerman Gomes.
260 _aSalvador :
_bJusPODIVM,
_c2015.
300 _a420 p. ;
_c24 cm
490 1 _aColeção provas discursivas respondidas e comentadas
504 _aInclui bibliografia.
650 _aDireito processual penal
_zBrasil
650 _aProcesso Penal
_xProblemas, questões, exercícios
700 1 _aGomes, Roberto
700 1 _aGomes, William Akerman
830 0 _aProvas discursivas respondidas e comentadas
942 _2udc
_cLV
999 _c524
_d524